Music Quiz

Random Music or Song Quiz
Score 0/30 Timer 05:00
0 Plays Today
Song Word % Correct
Another one bites the ?Dust
89.7%
Upside ? Down
87.6%
Don't ? to close to meStand
83.5%
? JeannieLittle
83.5%
Crazy ? thing called loveLittle
83.5%
Do that to me ? more timeOne
80.4%
Too much ? on my handsTime
78.4%
Rock and ? radioRoll
77.3%
? meCall
75.3%
Boys don't ?Cry
72.2%
?Cars
69.1%
? itWhip
66%
Please don't ?Go
66%
?Fame
63.9%
You may be ?Right
62.9%
Song Word % Correct
? with youRock
62.9%
The ? Rose
61.9%
Coming ? Up
57.7%
On the ?Radio
50.5%
Super ?Trouper
49.5%
Working my way back to you ?Girl
47.4%
The ? Stroke
46.4%
? in loveLost
43.3%
Mis?Understanding
40.2%
I will ?Follow
40.2%
? EyesSexy
38.1%
Embarrass?Ment
28.9%
?Magic
23.7%
So ?Lonely
21.6%
Turning ?Japenese
18.6%
Remove Ads.
Support Sporcle.
Get the best of Sporcle when you Go Orange. This ad-free experience offers more features, more stats, and more fun while also helping to support Sporcle. Thank you for becoming a member.

You're not logged in!

Compare scores with friends on all Sporcle quizzes.
OR
Log In

Show Comments

Extras

Created Oct 1, 2013ReportNominate
Tags:Artist Quiz, Song Quiz, 1980

Top Quizzes Today


Score Distribution

Your Account Isn't Verified!

In order to create a playlist on Sporcle, you need to verify the email address you used during registration. Go to your Sporcle Settings to finish the process.

Report this User

Report this user for behavior that violates our Community Guidelines.

Details: